000 01085nam a2200253 a 4500
001 020949203
008 181001s2017 ||||||||||||||||| || u
020 _a9781447329329
020 _a9781447329312
050 _aJV 6225 May
100 _aMayo, Marjorie
245 1 0 _aChanging communities: stories of migration, displacement and solidarities
_cby Marjorie Mayo
260 _aBristol:
_bPolicy Press
_c2017
300 _avi, 201 pages
337 _aunmediated
338 _avolume
_2rdacarrier
350 _a25.51
500 _aFormerly CIP. Uk Includes bibliographical references and index Also issued online.
650 0 _aSOCIAL PSYCHOLOGY
650 0 _aEMIGRATION AND IMMIGRATION--SOCIAL ASPECTS
995 _aMAIN LIBRARY OPEN ACCESS
_e748557
_FCBU-MAIN LIBRARY (Kitwe)
_I25.51
_jJV 6225 May
_M1
_UAVAILABLE
_WOct 1, 2018
_y748557
_ZMain Library Open Access Collection
995 _aANNEX COLLECTION (Main Library)
_e748558
_FCBU-MAIN LIBRARY (Kitwe)
_I25.51
_jJV 6225 May
_M2
_UAVAILABLE
_WOct 1, 2018
_y748558
_ZAnnex Low-Usage Collection
999 _c78148
_d78148